Loading...
| Social Science | 3 | 1 | 0 | 0 | 55 | 28 | 64.50 | 4 | 4 | 15.13 | 28.57 |
| Fine Arts - Classical Music | 0 | 2 | 0 | 0 | 20 | 92 | 107.50 | 1 | 2 | 5.89 | 11.11 |
| History - European | 1 | 0 | 0 | 0 | 15 | 41 | 41.00 | 1 | 1 | 7.55 | 5.56 |
| Current Events | 0 | 1 | 0 | 0 | 10 | 83 | 83.00 | 1 | 1 | 5.30 | 14.29 |
| Science - Biology | 0 | 1 | 0 | 0 | 10 | 113 | 113.00 | 1 | 1 | 2.21 | 11.11 |
| Other Academic | 0 | 1 | 0 | 0 | 10 | 114 | 114.00 | 1 | 1 | 1.93 | 11.11 |
| Fine Arts - Other | 0 | 1 | 0 | 0 | 10 | 132 | 132.00 | 1 | 1 | 0.83 | 7.69 |
| Fine Arts - Painting and Sculpture | 0 | 1 | 0 | 0 | 10 | 102 | 102.00 | 0 | 1 | 3.70 | 5.56 |
| Science - Other | 0 | 1 | 0 | 0 | 10 | 120 | 120.00 | 0 | 1 | 1.86 | 6.25 |
| Science - Physics | 0 | 1 | 0 | 0 | 10 | 83 | 83.00 | 1 | 1 | 3.73 | 11.11 |
| Science - Chemistry | 0 | 1 | 1 | 1 | 5 | 151 | 151.00 | 1 | 1 | 0.15 | 11.11 |
| Geography | 0 | 0 | 1 | 0 | -5 | 0.00 | 0 | 0 | 0.00 | 0.00 |